| 000 | 01029cam a22003137a 4500 | ||
|---|---|---|---|
| 003 | CHAP | ||
| 005 | 20220329133357.0 | ||
| 008 | 971013s1992 r 00010 d | ||
| 010 | _a5656 | ||
| 011 | _a6628 | ||
| 035 | _a5849 | ||
| 040 | _cCHAP | ||
| 082 |
_a632 _bM35y |
||
| 245 | 0 | _aManual de enfermedades de las plantas | |
| 260 |
_aMadrid : _bMundi-Prensa, _c1992 |
||
| 300 |
_a671 p. _b: ilus. |
||
| 590 |
_aBATCH-UPD _b10 _c20130110 _lUCH01 _h0238 |
||
| 590 |
_aBATCH-UPD _b10 _c20130110 _lUCH01 _h1749 |
||
| 590 |
_aBATCH-UPD _b10 _c20130410 _lUCH01 _h1328 |
||
| 590 |
_aBATCH-UPD _b10 _c20130914 _lUCH01 _h1413 |
||
| 590 |
_aCONVERSION _b10 _c20130109 _lUCH01 _h1304 |
||
| 650 | 1 | 4 |
_aFitopatología. _941161 |
| 650 | 1 | 4 |
_aPlantas hospederas. _989004 |
| 650 | 1 | 4 |
_aPlantas _xEnfermedades por virus. _988834 |
| 901 | _aBK | ||
| 942 | _cLIBRO | ||
| 949 |
_a632 M35y _bBC _cLIBRO _d33724000866612 _eLIBRO _fc.2 _gI.16521 _h82312 _i5849 _si _t690.00 |
||
| 949 |
_a632 M35y _bBC _cLIBRO _d33724000918488 _eLIBRO _gI.165125 _h82313 _i5849 _si _t690.00 |
||
| 999 |
_c5656 _d5656 |
||